000 01455cam a22001934a 4500
005 20250605164226.0
008 250528s ||||||||||||||||||||||||d
035 _a20869
020 _a9789602199916
040 _aGR-AtMCL
_bgre
_dGR-AtMCL
_eAACR2
245 1 _aΓιατί η Αγάπη Μετράει
260 _bΚαλέντης,
_c2016
300 _a464
520 _aΤο παρόν βιβλίο εξηγεί γιατί η αγάπη παίζει τον κεντρικό ρόλο για την ανάπτυξη του εγκεφάλου. Ευχαριστίες, Εισαγωγή, Τα Θεμέλια: Τα Βρέφη και ο Εγκέφαλος τους, Πίσω στις Απαρχές, Η Οικοδόμηση του Εγκεφάλου, Η Διαβρωτική Επίδραση της Κορτιζόλης, Σαθρά Θεμέλια και οι Συνέπειες τους, Η Προσπάθεια να μην Αισθάνεσαι, Το Μελαγχολικό Μωρό, Χαλασμένη Ψυχή, Ο Βασανισμένος Εαυτός, Το Προπατορικό Αμάρτημα, Οι Πληροφορίες είναι Πολλές και οι Λύσεις Λίγες, ''Αγκάλιασε το Αρκουδάκι αν όλα τα άλλα αποτύχουν'', Ένα Μέλλον Γεννιέται, Βιβλιογραφία.
700 1 _aΓκέρχαρντ Σου
_96843
942 _cBK
999 _c5950
_d5950